राजपाल अंग्रेजी- हिंदीपारिभाषिक शब्दकोश / (Record no. 122230)

MARC details
000 -LEADER
fixed length control field 00982nam a22002417a 4500
010 ## - LIBRARY OF CONGRESS CONTROL NUMBER
LC control number A-721065
020 ## - INTERNATIONAL STANDARD BOOK NUMBER
Terms of availability 400.00
035 ## - SYSTEM CONTROL NUMBER
System control number A-721065
037 ## - SOURCE OF ACQUISITION
Stock number Cen Lib / Ret
040 ## - CATALOGING SOURCE
Original cataloging agency DPL
Language of cataloging HN
082 ## - DEWEY DECIMAL CLASSIFICATION NUMBER
Classification number 423.2
Item number बाहरी
245 ## - TITLE STATEMENT
Title राजपाल अंग्रेजी- हिंदीपारिभाषिक शब्दकोश /
Remainder of title संपादक हरदेव बाहरी
246 ## - VARYING FORM OF TITLE
Title proper/short title Rajpal English-hindi-Dictionary /
Remainder of title editied by Hardev Bahari
260 ## - PUBLICATION, DISTRIBUTION, ETC. (IMPRINT)
Place of publication, distribution, etc दिल्ली
Name of publisher, distributor, etc राजपाल एण्ड सन्ज़
Date of publication, distribution, etc 1995
270 ## - ADDRESS
City दिल्ली
Address कश्मीरी गेट
300 ## - PHYSICAL DESCRIPTION
Extent 668p.
Other physical details 18cm
Dimensions ill
650 ## - SUBJECT ADDED ENTRY--TOPICAL TERM
Topical term or geographic name as entry element हिंदी--अंग्रेजी-- शब्दकोष
650 ## - SUBJECT ADDED ENTRY--TOPICAL TERM
Topical term or geographic name as entry element शब्दकोष
650 ## - SUBJECT ADDED ENTRY--TOPICAL TERM
Topical term or geographic name as entry element Hindi-- English-- Dictionary
650 ## - SUBJECT ADDED ENTRY--TOPICAL TERM
Topical term or geographic name as entry element Dictionary
700 ## - ADDED ENTRY--PERSONAL NAME
Personal name बाहरी, हरदेव
942 ## - ADDED ENTRY ELEMENTS (KOHA)
Source of classification or shelving scheme Dewey Decimal Classification
Koha item type Hindi Books
Classification part 423.2
Call number suffix बाहरी
Holdings
Withdrawn status Lost status Damaged status Not for loan Collection code Home library Current library Date acquired Source of acquisition Cost, normal purchase price Total Checkouts Full call number Barcode Date last seen Copy number Cost, replacement price Price effective from Koha item type
      Not For Loan Reference Central Library Central Library 09/03/2016 Cen Lib/Ret 400.00   423.2 बाहरी A-721065 09/03/2016 1 400.00 09/03/2016 Hindi Books

© Delhi Public Library
Hit Counter
free hit counter